Normal view
MARC view
- التعليم-مناهج-تخطيط. التعليم-مناهج-تطوير
Entry Topical Term
001 - CONTROL NUMBER
- control field: 34892
003 - CONTROL NUMBER IDENTIFIER
- control field: JO-AjAnu
005 - DATE AND TIME OF LATEST TRANSACTION
- control field: 20230606075835.0
008 - FIXED-LENGTH DATA ELEMENTS
- fixed length control field: 230606|| aca||aabn | a|a d
040 ## - CATALOGING SOURCE
- Original cataloging agency: JO-AjAnu
- Transcribing agency: JO-AjAnu
150 ## - HEADING--TOPICAL TERM
- Topical term or geographic name entry element: التعليم-مناهج-تخطيط. التعليم-مناهج-تطوير
670 ## - SOURCE DATA FOUND
- Source citation: Work cat.: (JO-AjAnu)17918: إبراهيم، محمود أبو زيد مؤلف/غانم، أسماء محمود م.مشارك, author 34891, المناهج الدراسية تخطيطها وتطويرها